Geography Quiz

Random Geography or State Quiz

State Capital Pairs by Ending Quiz Stats

 Plays Quiz Updated Mar 21, 2013

Challenge
Share
Tweet
Embed
Score 0/11 Timer 06:00
7 Plays Today
Ending Capital Pair % Correct
-rson CityCarson City, Jefferson City
87.7%
-napolisAnnapolis, Indianapolis
87.3%
-verDenver, Dover
68.5%
-uHonolulu, Juneau
55.6%
-ordConcord, Hartford
53%
-taAtlanta, Augusta
43.7%
-stonBoston, Charleston
42.1%
-iaColumbia, Olympia
38.9%
-sonJackson, Madison
38.5%
-ckBismarck, Little Rock
38.4%
-gHarrisburg, Lansing
38.1%

You're not logged in!

Compare scores with friends on all Sporcle quizzes.
Join for Free
OR
Log In

You Might Also Like...

Show Comments

Extras

Top Quizzes Today


Score Distribution

Your Account Isn't Verified!

In order to create a playlist on Sporcle, you need to verify the email address you used during registration. Go to your Sporcle Settings to finish the process.

Report this User

Report this user for behavior that violates our Community Guidelines.

Details: